Odborno-metodický problém v školskej praxi

Uložené v:
Podrobná bibliografia
Hlavný autor: Kvapil, Roman, 1971-
Médium: Kapitola
Jazyk:Slovak
Tagy: Pridať tag
Žiadne tagy, Buďte prvý, kto otaguje tento záznam!

MARC

LEADER 00000naa$a2200000$$$4500
001 0247535
005 20240502083659.9
041 0 |a slo 
044 |a CZ 
245 1 0 |a Odborno-metodický problém v školskej praxi  |c Roman Kvapil 
100 1 |a Kvapil, Roman, 1971-